LEADER 00891nam0-22002891i-450- 001 990000084360403321 035 $a000008436 035 $aFED01000008436 035 $a(Aleph)000008436FED01 035 $a000008436 100 $a20011111d--------km-y0itay50------ba 101 0 $aita 105 $ay-------001yy 200 1 $aSUL coefficiente d'esercizio delle reti ferroviarie Mediterranea ed Adriatica$eappunti di un tecnico. 210 $aMilano$cL. Pirola$d1898 215 $a70 p.$d26 cm 610 0 $aFerrovia Mediterranea$aEsercizio 610 0 $aFerrovia Adriatica$aEsercizio 676 $a385.1 801 0$aIT$bUNINA$gRICA$2UNIMARC 901 $aBK 912 $a990000084360403321 952 $a13 AR 18 C 42$b3131$fFINBC 959 $aFINBC 996 $aSUL coefficiente d'esercizio delle reti ferroviarie Mediterranea ed Adriatica$9109650 997 $aUNINA DB $aING01 LEADER 01023nam0-2200349---450- 001 990010001720403321 005 20150930103637.0 035 $a001000172 035 $aFED01001000172 035 $a(Aleph)001000172FED01 035 $a001000172 100 $a20150930d2011----km-y0itay50------ba 101 0 $aita 102 $aIT 105 $ay-------001yy 200 1 $aDolo e colpa negli incidenti stradali$fdi Roberto Bartoli, Maurizio Caldararo, Adriano Martini, Annamaria Peccioli, Paolo Pisa 210 $aMilano$cIPSOA$dİ2011 215 $a42 p.$d30 cm 225 1 $a<>speciali 300 $aSuppl. a: Diritto penale e processo n.12/2011 676 $a345.0242$v21$zita 700 1$aBartoli,$bRoberto 702 1$aCaldararo,$bMaurizio 702 1$aMartini,$bAdriano 702 1$aPeccioli,$bAnnamaria 702 1$aPisa,$bPaolo 801 0$aIT$bUNINA$gRICA$2UNIMARC 901 $aBK 912 $a990010001720403321 952 $aBusta 5 27 (39)$b54005*$fFGBC 959 $aFGBC 997 $aUNINA